Statistics for Literature - Main Characters

Click here to take the quiz!

General Stats

  • This quiz has been taken 15 times
  • The average score is 9 of 15

Answer Stats

HintAnswer% Correct
The Holy BibleJesus
100%
The Great GatsbyJay Gatsby
93%
The Sorcerer's (Philsopher's) StoneHarry Potter
86%
Robinson CruesoeRobinson Cruesoe
86%
The Hunger GamesKatniss Everdeen
64%
The OdysseyOdysseus
64%
To Kill a MockingbirdScout Finch
57%
Pride and PrejudiceElizabeth Bennet
50%
The Lightning ThiefPercy Jackson
50%
A Study in ScarletSherlock Holmes
50%
AeniedAeneas
43%
The Catcher in the RyeHolden Caulfield
43%
The DaVinci CodeRobert Langdon
43%
The Maze RunnerThomas
14%
DivergentTris Prior
14%

Score Distribution

Percentile by Number Answered

Percent of People with Each Score

Your Score History

You have not taken this quiz